000 00617 a2200181 4500
999 _c7390
_d7390
010 _aENG-87974
020 _a9788190480321
_c695.00
035 _aEN-71507
037 _bDBAD / PUB
082 1 4 _a302.23
100 1 _aRawat, K.S.
245 1 _aDigital media and communication technology /
_cby K.S. Rawat
260 _aDelhi
_bSwastik Publishers & Distributors
_c2007
270 _a31, Gali No.1, A-Block, Pocket-5, CRP Water Tank, Sonia Vihar
_bDelhi
_e110 094
300 _av, 256 p.
_c22 cm. (HB)
500 _aIncludes bibliographical references and index
942 _adpl
_cEN
_2ddc
_h302.23
_mRAW